| 000 | 00979nam0a22003131 4500 | ||
|---|---|---|---|
| 001 | v19\rc\1826913 | ||
| 005 | 20250619135040.0 | ||
| 035 | _a(NLR Aleph) 004923552 | ||
| 090 |
_a5603903 _c5603903 |
||
| 100 | _a20071224d1907 |||y0rusy50 ca | ||
| 101 | 0 | _arus | |
| 102 | _aRU | ||
| 105 | _ay z ||||| | ||
| 200 | 1 |
_aКое-что о современных вопросах _fЭ.Н. Берендтс |
|
| 210 |
_aСанкт-Петербург _cтип. М.М. Стасюлевича _d1907 |
||
| 215 |
_a[6], 158 с. _d21 |
||
| 300 | _aАвт. указан в конце предисл. | ||
| 700 | 1 |
_aБерендтс _bЭ.Н. _f1860- _gЭдуард Николаевич |
|
| 801 | 0 |
_aRU _bNLR _gpsbo |
|
| 801 | 0 |
_aRU _bRuMoRGB _2psbo |
|
| 801 | 1 |
_aRU _bProSoft-M _2rusmarc |
|
| 852 |
_aNLR _j38.12.6.6 |
||
| 852 |
_aNLR _bМф _jК1/29197 |
||
| 899 |
_aRuMoRGB _jA 225/261 |
||
| 899 |
_aRuMoRGB _jU 359/338 |
||
| 899 | _aБАН | ||
| 899 | _aГПИБ | ||
| 942 | _cBOOK | ||
| 980 | _aNB | ||